All Ariana Grande Songs (July 2025) - Statistics

General Stats
  • This quiz has been taken 42 times
    24 since last reset
  • The average score is 77 of 189
Answer Stats
Year Song % Correct
7 rings
82%
Break Free (feat. Zedd)
82%
God is a woman
82%
Piano
82%
Popular
82%
Popular - Edit
82%
thank u, next
82%
yes, and?
82%
yes, and? - Remix (feat. Mariah Carey)
82%
2017 Baby I
73%
eternal sunshine
73%
2013 Honeymoon Avenue
73%
2024 intro (end of the world)
73%
2025 intro (end of the world) - extended
73%
no tears left to cry
73%
One Last Time
73%
One Last Time (Attends-Moi) (feat. Kendji Girac)
73%
One Last Time (feat. Fedez)
73%
One Last Time - Remix (feat. Gazzo)
73%
Popular Song (with MIKA)
73%
Popular Song (with MIKA, Stephen Schwartz, Priscilla Renea, Mathieu Jomphe Lépine & Jason Nevins)
73%
positions
73%
Problem (feat. Iggy Azalea)
73%
sweetener
73%
the boy is mine
73%
the boy is mine - Remix (feat. Brandy & Monica)
73%
The Way (feat. Mac Miller)
73%
Time (with Childish Gambino)
73%
34+35
64%
34+35 - Remix (feat. Doja Cat & Megan Thee Stallion)
64%
Almost Is Never Enough (feat. Nathan Sykes)
64%
Better Left Unsaid
64%
bloodline
64%
break up with your girlfriend, i'm bored
64%
breathin
64%
bye
64%
dandelion
64%
Dangerous Woman
64%
Daydreamin'
64%
don't wanna break up again
64%
everytime
64%
goodnight n go
64%
Into You
64%
2014 | 2015 Intro
64%
pete davidson
64%
R.E.M.
64%
Side To Side (feat. Nicki Minaj)
64%
supernatural
64%
supernatural (feat. Troye Sivan)
64%
bad idea
55%
Bang Bang (with Jessie J & Nicki Minaj)
55%
better off
55%
blazed (feat. Pharrell Williams)
55%
borderline (feat. Missy Elliott)
55%
2019 imagine
55%
imperfect for you
55%
imperfect for you - acoustic
55%
in my head
55%
Let Me Love You (feat. Lil Wayne)
55%
motive (feat. Doja Cat)
55%
my hair
55%
needy
55%
off the table (feat. The Weeknd)
55%
ordinary things (feat. Nonna)
55%
pov
55%
2023 Right There (feat. Big Sean)
55%
Santa Tell Me - Naughty Version
55%
Save Your Tears - Remix (with The Weeknd)
55%
successfull
55%
Tattooed Heart
55%
2018 teardrops (an angel cried)
55%
the light is coming (feat. Nicki Minaj)
55%
we can't be friends (wait for your love)
55%
Be Alright
45%
Be My Baby (feat. Cashmere Cat)
45%
Defying Gravity - Edit (with Cynthia Erivo)
45%
Defying Gravity (with Cynthia Erivo)
45%
Die For You - Remix (with The Weeknd)
45%
Everyday (feat. Future)
45%
fake smile
45%
Focus
45%
get well soon
45%
ghostin
45%
Hampstead
45%
Hands On Me (feat. A$AP Ferg)
45%
i wish i hated you
45%
Just A Little Bit Of Your Heart
45%
just like magic
45%
Love Me Harder (feat. The Weeknd)
45%
Love Me Harder - Remix (feat. The Weeknd & Alex Ghenea)
45%
Lovin' It
45%
make up
45%
2016 Moonlight
45%
My Everything
45%
NASA
45%
nasty
45%
past life
45%
Saturn Returns Interlude
45%
true story
45%
true story - a cappella
45%
twilight zone
45%
warm
45%
Why Try
45%
You'll Never Know
45%
Bad Decisions
36%
Best Mistake (feat. Big Sean)
36%
Cadillac Song
36%
December
36%
Greedy
36%
Last Christmas
36%
MONOPOLY (feat. Victoria Monét)
36%
safety net (feat. Ty Dolla $ign)
36%
Santa Baby (feat. Liz Gillies)
36%
2020 shut up
36%
six thirty
36%
Snow In California
36%
Sometimes
36%
Thinking Bout You
36%
west side
36%
Break Your Heart Right Back (feat. Childish Gambino)
27%
Don't Call Me Angel (Charlie's Angel) (feat. Miley Cyrus & Lana Del Rey)
27%
Knew Better / Forever Boy
27%
Leave Me Lonely (feat. Macy Gray)
27%
Love Is Everything
27%
love language
27%
Only 1
27%
2011 Put Your Hearts Up
27%
Rain On Me (with Lady Gaga)
27%
Step On Up
27%
Too Close
27%
Touch It
27%
True Love
27%
Winter Things
27%
You Don't Know Me
27%
Bed (with Nicki Minaj)
18%
boyfriend (feat. Social House)
18%
Dance To This (with Troye Sivan)
18%
Dancing Through Life (with Jonathan Bailey, Ethan Slater, Marissa Bode & Cynthia Erivo)
18%
Dear Old Shiz (with Shiz University Choir & Wicked Movie Cast)
18%
Good as Hell - Remix (with Lizzo)
18%
I Don't Care
18%
Jason's Song (Gave It Away)
18%
main thing
18%
Mama, I'm a Big Girl Now (with Maddie Baillio, Dove Cameron, Harvey Fierstein, Andrea Martin, Kristin Chenoweth, Joshua Alexander, Will Bell, Helene, Riley Costello, Kelli Ann Erdmann, Sam Faulkner, Marissa Heart, Joanna Jones, Jacque Lewarne, Tommy Martinez, Tiana Okoye, Amos Oliver III, Re'Sean Pates, Katherine Roarty, Rhon Saunders, Ricky Schroeder, Heather Tepe, Mason Trueblood, Karl Skyler Urban & Paul Vogt)
18%
No One Mourns The Wicked (with Andy Nyman, Courtney-Mae Briggs, Jeff Goldblum, Jenna Boyd, Sharon D. Clarke & Wicked Movie Cast)
18%
Not Just On Christmas
18%
obvious
18%
2021 someone like u - interlude
18%
test drive
18%
What Is This Feeling? (with Cynthia Erivo)
18%
Wit It This Christmas
18%
worst behavior
18%
Adore (with Cashmere Cat)
9%
A Hand for Mrs. Claus (with Idina Menzel)
9%
All My Love - Remix (with Major Lazer & Machel Montano)
9%
All My Love (with Major Lazer)
9%
Bad To You (feat. Normani & Nicki Minaj)
9%
Faith (with Stevie Wonder)
9%
Get On Your Knees (with Nicki Minaj)
9%
Got Her Own (feat. Victoria Monét)
9%
How I Look On You
9%
I Don't Do Drugs (with Doja Cat)
9%
Just Look Up (feat. Kid Cudi)
9%
Met Him Last Night (with Demi Lovato)
9%
One Short Day (with Cynthia Erivo, Kristin Chenoweth, Idina Menzel & Michael McCorry Rose)
9%
Quit (with Cashmere Cat)
9%
Research (with Big Sean)
9%
Santa, Can't You Hear Me (with Kelly Clarkson)
9%
The Wizard And I - Live (with Stephen Schwartz & Stephen Oremus)
9%
You Can't Stop the Beat (with Maddie Baillio, Garret Clayton, Ephraim Sykes, Harvey Fierstein, Martin Short, Jennifer Hudson, Dove Cameron, Kristin Chenoweth, Joshua Alexander, Will Bell, Helene, Riley Costello, Kelli Ann Erdmann, Sam Faulkner, Marissa Heart, Joanna Jones, Jacque Lewarne, Tommy Martinez, Tiana Okoye, Amos Oliver III, Re'Sean Pates, Katherine Roarty, Rhon Saunders, Ricky Schroeder, Heather Tepe, Mason Trueblood, Karl Skyler Urban & Paul Vogt)
9%
A Little More Homework - Single Version (feat. Graham Phillips)
0%
Beauty and the Beast (feat. John Legend)
0%
Brand New You (feat. Brynn Williams & Caitlin Gann)
0%
Come So Far (Got So Far to Go) (with Jennifer Hudson, Joshua Alexander, Will Bell, Helene, Riley Costello, Kelli Ann Erdmann, Sam Faulkner, Marissa Heart, Joanna Jones, Jacque Lewarne, Tommy Martinez, Tiana Okoye, Amos Oliver III, Re'Sean Pates, Katherine Roarty, Rhon Saunders, Ricky Schroeder, Heather Tepe, Mason Trueblood, Karl Skyler Urban & Paul Vogt)
0%
Earth (with Lil Dicky, Justin Bieber, Halsey, Zac Brown, Brendon Urie, Hailee Steinfeld, Wiz Khalifa, Snoop Dogg, Kevin Hart, Adam Levine, Shawn Mendes, Charlie Puth, Sia, Miley Cyrus, Lil Jon, Rita Ora, Miguel, Katy Perry, Lil Yachty, Ed Sheeran, Meghan Trainor, Joel Embiid, Tory Lanez, John Legend, Psy, Bad Bunny, Kris Wu, Backstreet Boys & Leonardo DiCaprio)
0%
E più ti penso (with Andrea Bocelli)
0%
Heatstroke (with Calvin Harris, Young Thug, Pharell Williams & Funk Wav)
0%
Hotel Rock Bottom (with Frankie Grande)
0%
I Don't Know Why (I Just Do) (with Jeff Goldblum & The Mildred Snitzer Orchestra)
0%
It Was A... (Masked Christmas) (with Jimmy Fallon & Megan Thee Stallion)
0%
My Favorite Part (with Mac Miller)
0%
Nobody (feat. Chaka Khan)
0%
One Heart, One Voice (with Barbra Streisand & Mariah Carey)
0%
Rule The World (with 2 Chainz)
0%
Somewhere Over The Rainbow - Live From Manchester
0%
Stuck with U (feat. Justin Bieber)
0%
Sympathy is a knife (with Charli XCX)
0%
Without Love (with Garret Clayton, Maddie Baillio, Ephraim Sykes, Joshua Alexander, Will Bell, Helene, Riley Costello, Kelli Ann Erdmann, Sam Faulkner, Marissa Heart, Joanna Jones, Jacque Lewarne, Tommy Martinez, Tiana Okoye, Amos Oliver III, Re'Sean Pates, Katherine Roarty, Rhon Saunders, Ricky Schroeder, Heather Tepe, Mason Trueblood, Karl Skyler Urban & Paul Vogt)
0%
No matching quizzes found
Score Distribution
Percent of People with Each Score
Percentile by Number Answered
Your Score History
You have not taken this quiz since the last reset